| Поле | Инд. | ПП | Название | Значение |
|---|---|---|---|---|
| Тип записи | a | |||
| Библиографический уровень | b | |||
| 001 | Контрольный номер | 1f4856f4cd3a4f2cb242dfa6c7e1d1b7 | ||
| 005 | Дата корректировки | 20210820121553.4 | ||
| 024 | 80 | a | Стандартный номер | DOI: 10.1134/S0036023618060189 |
| 040 | a | Служба первич. каталог. | Scopus | |
| 041 | 0_ | a | Код языка текста | eng |
| 097 | a | Костяева О.Г. | ||
| 100 | 1_ | a | Автор | Minin V. V. |
| 100 | 1_ | a | Автор | Zakirov M. I. |
| 100 | 1_ | a | Автор | Nodova E. L. |
| j | Принадлежность неизвестного автора к последователям, ученикам, сторонникам, школе и т. д. | государственный университет "Дубна" | ||
| 245 | 10 | a | Заглавие | Electronic Structure and Electrooptical Properties of Radicals Formed upon Reduction of N-Alkyl 4,4′-Bipyridylium Salts |
| 773 | 18 | t | Название источника | Russian Journal of Inorganic Chemistry |
| b | Сведения об издании | Pleiades Publishing, Ltd. | ||
| c | Россия | |||
| d | Место и дата издания | 2018 | ||
| m | Специф. данные | входит в Scopus;входит в WoS;Входит в ядро РИНЦ;журнал из перечня ВАК;ненулевой импакт-фактор; | ||
| o | Прочие индексы | wos 0.709 ; scopus 0.71 | ||
| x | ISSN | 0036-0236 | ||
| g | Прочая информация | V. 78. - №6. - P. 520 | ||
| x | ISSN | 1434-6044 | ||
| o | Прочие индексы | wos 5.172, scopus 3.51, ринц- | ||
| w | Контрольный № источника | fe895f2059cb45d7937a8f7c1aa42b22 | ||
| 901 | t | Тип документа | b | |
| 952 | c | Вид литературы | статья в журнале |